=LDR 00000nam 2200000 4500 =001 000206 =005 20250710103919 =035 ##$$a 0010-0725000007 =007 ta =008 250710################a##########0#ind## =020 ##$$a 978-623-307-143-7 =082 ##$$a 398.209 598 =084 ##$$a 398.209 598 CHO k =100 #$$a Cholidatul Dewi =245 1#$$a Khitanan Galih dan Bagja /$c Dewi Cholidatul =250 ##$$a Cetakan Pertama =260 ##$$a Bogor :$b Badan Pengembangan dan Pembinaan Bahasa,$c 2022 =300 ##$$a 28 hlm. : $b ilus. ; $c 29,7 cm$e 398.209.598 =650 #4$$a Cerita Anak - Indonesia =650 #4$$a Literasi - Bahan Bacaan =856 ##$$a TBM As Suhada